000 00241nam a2200097Ia 4500
082 _aEF BROW
245 0 _aHello, darkness
100 _a BROWN, Sandra London, 2003
_955187
942 _cBK
008 210817s9999 xx 000 0 und d
999 _c173767
_d173765